000 00806nam a2200229Ia 4500
005 20250108125018.0
008 008 250107s9999 xx 000 0 hin d
020 _a978-93-95472-53-1
037 _aTB
040 _aCRL
_bhin
_cCRL
041 _ahin
_2hin
084 _aM1 R4
084 _qCRL
100 _aदेवेन्द्र सिंह, ले.
245 0 _aवैली - 370 पूर्ण विलय की गाथा
_cदेवेन्द्र सिंह, ले.
260 _aदिल्ली, भारत
_bआर्यभट्ट कॉलेज विश्वविद्यालय प्रकाशन
_c2999
300 _a236पृ0
365 _aINR
_b424
650 _aइतिहास
942 _cTB
_hM1 R4
999 _c1235387
_d1235387